000 00204nam a22000857a 4500
008 161207b xxu||||| |||| 00| 0 eng d
100 _91931
_aTychyna. P
245 _aLittle Ivan
260 _aMoscow
_bDinpro
_c1981
999 _c4697
_d4697